000 00653nam a22002297a 4500
999 _c16002
_d16002
003 AR-CdUCM
008 190430b ||||| |||| 00| 0 spa d
040 _aMUNICIPALIDAD PROVINCIAL DEL CUSCO
_cBIBLIOTECA MUNICIPAL DEL CUSCO
041 _hneth
082 _a890 /
_bST83
100 _aStreuvels, Stijn
_935264
245 _aEl obrero /
260 _aMadrid :
_bCenit,
_c1930.
300 _a203 paginas ;
_c20 cm.
505 _aContenido : Novela
650 _aNovela
_9572
650 _aEl obrero
_935265
650 _aLiteratura europea
_9894
700 _aGosse, G. (Traducción)
_935266
942 _2ddc
_cLIBROS
945 _awnts
_d2019-04-30